000 00849nam a2200301Ia 4500
003 OSt
005 20221006160223.0
006 a|||||r|||| 00| 0
007 ta
008 221006b |||||||| |||| 00| 0 eng d
020 _a9788957269077
_cW16,000
024 _a44,648
037 _bGift, Window on Korea
_cTextual
040 _aEASL
_cEASL
_beng
041 _2eng
_aeng
082 _aY:1.495, Q1
100 _aLee Seung jae Ed.
245 0 _aKorean culture heritage
260 _aNA
_bHankookmunhwasa Korea
_c2012
300 _a320p.
_ccm.
490 _v KEL
650 _a KEL
650 _a Korean - Architectures
_9672475
650 _a Korean - Religion
_9672476
650 _aKorean - Culure
_9672477
942 _hY:1.495, Q1
_cTEXL
_2CC
999 _c1112740
_d1112740